Guns N' Roses or AC/DC? - Statistics

General Stats
  • This quiz has been taken 1,505 times
  • The average score is 12 of 14
Answer Stats
Question Answer % Correct
Welcome to the Jungle Guns N' Roses
100%
Thunderstruck AC/DC
99%
Paradise City Guns N' Roses
99%
Sweet Child O' Mine Guns N' Roses
99%
November Rain Guns N' Roses
99%
Hell's Bells AC/DC
98%
Dirty Deeds Done Dirt Cheap AC/DC
88%
Rock N Roll Train AC/DC
86%
Shot in the Dark AC/DC
82%
Moneytalks AC/DC
81%
Who Made Who AC/DC
80%
Rocket Queen Guns N' Roses
71%
It's So Easy Guns N' Roses
64%
Dead Horse Guns N' Roses
51%
No matching quizzes found
Score Distribution
Percent of People with Each Score
Percentile by Number Answered
Your Score History
You have not taken this quiz